| 000 | 00512nam a2200169 a 4500 | ||
|---|---|---|---|
| 001 | 000016730 | ||
| 005 | 20200929164943.0 | ||
| 008 | 100310s1986 dr a 000 0 spa d | ||
| 040 |
_aDO-SdBNP _bspa _cBNPHU |
||
| 082 |
_axxx _bE244s |
||
| 245 | 0 | 3 | _aLa educación superior y sus aspectos organizativos. |
| 260 |
_aSanto Domingo : _bAlfa y Omega, _c1986. |
||
| 300 |
_a403 p. : _bil. ; _c22 cm. |
||
| 500 | _aIncluye notas al pie de las páginas | ||
| 504 | _aIncluye referencias bibliográficas | ||
| 049 | _aBNPD | ||
| 999 |
_c16262 _d16262 |
||